| 000 | 01050nam a2200337Mi 4500 | ||
|---|---|---|---|
| 001 | 59277 | ||
| 005 | 20230410132829.0 | ||
| 008 | 080304s2007 sp 000 0 spa d | ||
| 035 | _a(OCoLC)ocn217191829 | ||
| 040 |
_aPL# _bspa _cPL# |
||
| 020 | _a8496088693 | ||
| 020 | _a9788496088696 | ||
| 029 | 0 |
_aPL# _b080006231 |
|
| 035 | _a(OCoLC)217191829 | ||
| 049 | _aGRAL | ||
| 050 | 1 | 4 | _a1erAPT1erB639m 2007 |
| 100 | 1 | _aBlanco, Carlos. | |
| 245 | 1 | 0 |
_aMentes maravillosas que cambiaron la historia / _cCarlos Blanco. |
| 250 | _a1 ed. | ||
| 260 |
_a[Madrid] : _bLibroslibres, _c2007. |
||
| 300 |
_a230 p. : _bil. ; _c24 cm. |
||
| 500 | _aEn la port.: Inventos y descubrimientos que han marcado la historia. | ||
| 504 | _aBibliografâia: p. 229-230. | ||
| 653 |
_aInventos _aHistoria. |
||
| 653 |
_aInventores _aHistoria. |
||
| 938 |
_aPuvill Libros _bPUVL _n9788496088696 _c$34.69 |
||
| 856 | 4 | 2 |
_3Mas?... busque en WorldCat (solo desde FUNGLODE) _uwww.firstsearch.oclc.org/fsip |
| 942 | _2lcc | ||
| 946 | _amfcruz | ||
| 994 |
_aC0 _bDRFGD |
||
| 999 |
_c88514 _d88514 |
||